00555nam a2200193Ia 4500003000400000005001700004008004100021020003000062040001700092082001900109100002100128245004700149250005100196260002500247300001400272650002300286700002700309700002500336IIN20250604121239.0231217s9999 xx 000 0 und d cRs.1295.00a9789387964105 aIINbEnglish a610.7362 bPAU1 aGhai, Om Prakash1 aGhai Essential Pediatric/cOm Prakash Ghai a.-9th edbEd. By -Vinod K Paul & Arvind Bagga  bCBSaNew Delhic2019 axvi,798p.1 aPediatricvNursing1 aEd. By Paul, Vinod K 1 aEd. By Bagga, Arvind